000 00693nam a2200289Ia 4500
005 20260324124724.0
008 008 260324s9999 xx 000 0 eng d
020 _a9781315854656
037 _aEBOOK
040 _aCRL
040 _beng
040 _cCRL
041 _2eng
041 _aeng
084 _qCRL
100 _aLisa Mc Coll; Leighangela Brady
_91175252
245 0 _aTest Less Assess More
245 2 _bA K-8 Guide to Formative Assessment
260 _bTaylor and Francis
260 _c2010
365 _a
365 _b180
856 _uhttp://www.taylorfrancis.com/books/9781315854656
942 _cEBOOK
999 _c1769870
_d1769870